[Event "Campeonato de Aragon por Equipos - Division de Honor"]
[Site ""]
[Date "2022.03.12"]
[Round "7.23"]
[White "Torcal Miguel, Oscar"]
[Black "Conon, Catalin"]
[Result "1-0"]
[WhiteElo "2037"]
[BlackElo "1887"]
[PlyCount "0"]
[WhiteTeam "IberCaja"]
[BlackTeam "Agrupacion"]
[EventDate "2022.01.29"]

1. c4 e6 2. Nc3 f5 3. g3 Nf6 4. Bg2 c6 5. Nf3 d5 6. O-O Be7 7. d4 O-O 8. Rb1 a5
9. Bf4 Qe8 10. Na4 Nbd7 11. c5 Qh5 12. h3 Bd8 13. Rc1 Ne4 14. Ne5 g5 15. Nxd7
Bxd7 16. Be5 Be8 17. e3 Qg6 18. Bxe4 fxe4 19. f3 exf3 20. Rxf3 Rxf3 21. Qxf3
Qh6 22. Rf1 Be7 23. Nb6 Bh5 24. g4 Rf8 25. Qg2 Rxf1+ 26. Qxf1 Bg6 27. Bd6 Bd8
28. Nd7 Qg7 29. Kh2 Qf7 30. Qxf7+ Bxf7 31. Kg3 Bg6 32. Bb8 Be8 33. Ne5 a4 34.
Kf2 b5 35. cxb6 Bxb6 36. Bd6 Kg7 37. Ke2 Ba5 38. Kd3 h5 39. gxh5 Kh6 40. Ng4+
Kg7 41. h6+ Kh7 42. Nf6+ Kxh6 43. Nxe8 Kh5 44. Bg3 Kg6 45. e4 Kf7 46. Nd6+ Ke7
47. Nb7 Bb6 48. Nc5 a3 49. bxa3 dxe4+ 50. Kxe4 Ba5 51. a4 Kf6 52. Nb3 Bb6 53.
a5 Ba7 54. Bc7 Ke7 55. Nc5 1-0

[Event "Campeonato de Aragon por Equipos - Division de Honor"]
[Site ""]
[Date "2022.03.12"]
[Round "7.28"]
[White "Zambrana Petisme, Ramiro"]
[Black "Cid Royo, Jonathan"]
[Result "1-0"]
[WhiteElo "2106"]
[BlackElo "2169"]
[PlyCount "0"]
[WhiteTeam "Palacio De Pioneros B"]
[BlackTeam "L'Aurora Estadilla"]
[EventDate "2022.01.29"]

1. e4 c5 2. Nf3 d6 3. Bb5+ Nc6 4. Bxc6+ bxc6 5. O-O e5 6. h3 Nf6 7. Re1 Be7 8.
Na3 O-O 9. d3 Nd7 10. c3 Nb6 11. d4 exd4 12. cxd4 c4 13. Bf4 d5 14. Rc1 Be6 15.
Nb1 dxe4 16. Rxe4 Bd5 17. Re3 c5 18. dxc5 Bxc5 19. Re1 Qf6 20. Nc3 Rad8 21. Bg5
Bxf3 22. Qxd8 Qc6 23. Qd2 Bxg2 24. Qf4 Bd6 25. Qg4 Bf3 26. Qh4 f6 27. Bd2 g5
28. Qh6 Bh1 29. f3 Qxf3 30. Re2 Bc5+ 31. Kh2 Bd6+ 32. Kg1 Rd8 33. Bxg5 Nd5 34.
Nxd5 Qxe2 35. Nxf6+ Kf7 36. Qh5+ Qxh5 37. Nxh5 Bd5 38. Bxd8 Bc5+ 39. Kf1 1-0

[Event "Campeonato de Aragon por Equipos - Division de Honor"]
[Site ""]
[Date "2022.03.12"]
[Round "7.29"]
[White "Cid Royo, Oscar"]
[Black "Colom Sienes, Eduardo"]
[Result "0-1"]
[WhiteElo "2015"]
[BlackElo "2081"]
[PlyCount "0"]
[WhiteTeam "L'Aurora Estadilla"]
[BlackTeam "Palacio De Pioneros B"]
[EventDate "2022.01.29"]

1. d4 Nf6 2. Nf3 g6 3. h4 d5 4. Bf4 c5 5. e3 Nc6 6. c3 Qb6 7. Qb3 c4 8. Qc2 Bf5
9. Qc1 Rc8 10. Nbd2 h5 11. Ng5 e5 12. dxe5 Ng4 13. Ndf3 Bg7 14. Qd2 Ncxe5 15.
Nxe5 Bxe5 16. Qxd5 O-O 17. Bxe5 Qxb2 18. Bxc4 Qxf2+ 0-1

[Event "Campeonato de Aragon por Equipos - Division de Honor"]
[Site ""]
[Date "2022.03.12"]
[Round "7.30"]
[White "Gomez Salinas, Nestor"]
[Black "Pellicer Cerezuela, Miguel"]
[Result "1/2-1/2"]
[WhiteElo "2068"]
[BlackElo "2006"]
[PlyCount "0"]
[WhiteTeam "Palacio De Pioneros B"]
[BlackTeam "L'Aurora Estadilla"]
[EventDate "2022.01.29"]

1. e4 e6 2. d4 d5 3. Nc3 Bb4 4. Nge2 dxe4 5. a3 Be7 6. Nxe4 Nf6 7. N2g3 O-O 8.
c3 Nbd7 9. Bd3 c5 10. dxc5 Nxc5 11. Nxc5 Bxc5 12. Bg5 Be7 13. Ne4 Nxe4 14. Bxe7
Qxe7 15. Bxe4 e5 16. O-O Be6 17. Qf3 Rab8 18. Rfe1 b6 19. Bd5 Bxd5 20. Qxd5
Rfe8 21. Re2 Rbd8 22. Qb3 Kh8 23. Rae1 h6 24. Qb5 f6 25. f4 e4 26. Qf5 e3 27.
Qh3 Rd3 28. Qf3 Qc5 29. g3 f5 30. Qh5 Re4 31. Qf3 Rd2 32. Rxe3 Rxb2 33. g4 Rxe3
34. Qxe3 Qd5 35. Qg3 Rd2 36. g5 Rd1 37. gxh6 gxh6 38. Qe3 Rxe1+ 39. Qxe1 Qc5+
40. Kg2 Qxa3 41. Qe5+ Kg8 42. Qe6+ Kg7 43. Qe5+ 1/2-1/2

[Event "Campeonato de Aragon por Equipos - Division de Honor"]
[Site ""]
[Date "2022.03.12"]
[Round "7.31"]
[White "Pellicer Cemeli, Jose Luis"]
[Black "Castillo Sanjuan, Daniel"]
[Result "0-1"]
[WhiteElo "1963"]
[BlackElo "1997"]
[PlyCount "0"]
[WhiteTeam "L'Aurora Estadilla"]
[BlackTeam "Palacio De Pioneros B"]
[EventDate "2022.01.29"]

1. Nf3 d5 2. b3 c5 3. Bb2 Nf6 4. e3 e6 5. Be2 Bd6 6. c4 O-O 7. O-O Re8 8. d4 b6
9. Nc3 cxd4 10. Nxd4 a6 11. cxd5 exd5 12. Bf3 Bb7 13. Rc1 Be5 14. Nce2 Nbd7 15.
Nf4 Ne4 16. Nd3 Bf6 17. Nc6 Bxc6 18. Rxc6 Bxb2 19. Bxe4 Nb8 20. Rc2 dxe4 21.
Nxb2 Nd7 22. Rd2 Ra7 23. Qg4 Qe7 24. Nc4 Nf6 25. Qg5 h6 26. Qg3 Qc5 27. Rd6 b5
28. Rxf6 bxc4 29. bxc4 Qxc4 30. Rxh6 Qxa2 31. Rd6 Qb2 32. Rfd1 a5 33. R6d2 Qb3
34. Qg5 a4 35. Qc5 Raa8 36. Ra1 a3 37. Qd5 Qc3 38. Qa2 Rab8 39. Rc2 Qb3 40. g3
Red8 41. Qxb3 Rxb3 42. Rca2 Ra8 43. h4 Kf8 44. Kg2 Ke7 45. g4 Kd6 46. Kg3 Ke5
47. Kg2 Kd5 48. Kg3 Kc4 49. Kf4 Kb4 50. h5 f6 51. Kxe4 Ra5 52. Rd2 Kc3 53. Rd3+
Kb2 54. Rdd1 a2 55. Rdc1 Rc3 56. Rxc3 Kxc3 57. f4 Kb2 58. Rh1 Rc5 0-1

[Event "Campeonato de Aragon por Equipos - Division de Honor"]
[Site ""]
[Date "2022.03.19"]
[Round "8.1"]
[White "Adla Martin, Diego"]
[Black "Garza Marco, Sergio"]
[Result "1/2-1/2"]
[WhiteElo "2420"]
[BlackElo "2396"]
[PlyCount "0"]
[WhiteTeam "MyInvestor Casablanca"]
[BlackTeam "Helios"]
[EventDate "2022.01.29"]

1. d4 d5 2. c4 e6 3. Nf3 a6 4. cxd5 exd5 5. Nc3 Nf6 6. Bg5 Be6 7. e3 Nbd7 8.
Bd3 Bd6 9. Qc2 h6 10. Bh4 O-O 11. O-O Re8 12. a3 c5 13. dxc5 Nxc5 14. Rfd1 Rc8
15. Bh7+ Kh8 16. Bf5 Nce4 17. Bxe4 dxe4 18. Bg3 exf3 19. Rxd6 Qa5 20. gxf3 Nd5
21. Qa4 Qxa4 22. Nxa4 Rc4 23. b4 Nc3 24. Nb6 Ne2+ 25. Kg2 Rc2 26. Rad1 Nxg3 27.
hxg3 Re7 28. R1d2 Rc3 29. a4 Rb3 30. R6d4 Rc7 31. e4 Rcc3 32. Nd5 Rxf3 33. Ne3
Rf6 34. Nd5 Rff3 35. Ne3 Rf6 36. Nd5 Rff3 37. Ne3 1/2-1/2

[Event "Campeonato de Aragon por Equipos - Division de Honor"]
[Site ""]
[Date "2022.03.19"]
[Round "8.2"]
[White "Eizaguerri Floris, Maria"]
[Black "Quintin Navarro, Alberto"]
[Result "1-0"]
[WhiteElo "2215"]
[BlackElo "2398"]
[PlyCount "0"]
[WhiteTeam "Helios"]
[BlackTeam "MyInvestor Casablanca"]
[EventDate "2022.01.29"]

1. e4 e5 2. Nf3 Nc6 3. Bb5 a6 4. Ba4 Nf6 5. O-O Be7 6. d3 b5 7. Bb3 d6 8. a3
O-O 9. Nc3 Rb8 10. Be3 Na5 11. Ba2 Be6 12. b4 Bxa2 13. Rxa2 Nc6 14. Nd5 Qd7 15.
c3 Bd8 16. Qb3 Nxd5 17. exd5 Ne7 18. a4 bxa4 19. Rxa4 Nxd5 20. Ba7 Rc8 21. Rxa6
Nf4 22. Ne1 Ra8 23. b5 Qg4 24. f3 Qg6 25. Be3 Bg5 26. Bxf4 Bxf4 27. Qd5 Qh6 28.
g3 Be3+ 29. Kh1 Rab8 30. Ng2 Bc5 31. c4 Qe6 32. Qc6 Bb6 33. f4 Qf5 34. Qd5 Rbe8
35. Raa1 Bd4 36. Rad1 Qg4 37. Qc6 Re6 38. fxe5 Bxe5 39. Qf3 Qxf3 40. Rxf3 Ra8
41. h4 Ra3 42. Kh2 h6 43. Kh3 g6 44. Rdf1 Re7 45. Rd1 Kg7 46. Ne3 h5 47. d4
Bxd4 48. Nf5+ gxf5 49. Rxa3 Bc5 50. Rf3 Re5 51. Rdf1 Kg6 52. Rd3 Kf6 53. Rd2
Ke6 54. Kg2 Re4 55. Rd5 Re2+ 56. Kh3 Bf2 57. Rd3 Bc5 58. Rdf3 Re5 59. Rd1 Bb6
60. Kg2 Re4 61. Rd5 Re5 62. Rd1 Rc5 63. Re1+ Kf6 64. Ref1 Re5 65. Rf4 Re2+ 66.
Kh3 Re5 67. Rd1 Ke6 68. Kg2 Re2+ 69. Kf1 Re3 70. Rd5 Re5 71. Rd1 Re3 72. Re1
Re5 73. Re2 Bc5 74. Ke1 Bb6 75. Kd2 Ba5+ 76. Kd3 Be1 77. Rf3 Bb4 78. Ra2 Bc5
79. Ra8 Kf6 80. Rh8 Kg6 81. Rg8+ Kf6 82. Rg5 d5 83. cxd5 Bb6 84. Rxh5 Rxd5+ 85.
Kc4 Rd4+ 86. Kc3 Rd5 87. g4 Rc5+ 88. Kb4 Rc2 89. Rhxf5+ Ke6 90. Rxf7 Kd5 91.
R7f5+ Kd4 92. R5f4+ Kd5 93. g5 Rg2 94. Kb3 Kc5 95. Rf5+ Kd4 96. h5 Ke4 97. h6
Bd4 98. R3f4+ Ke3 99. Rxd4 1-0

[Event "Campeonato de Aragon por Equipos - Division de Honor"]
[Site ""]
[Date "2022.03.19"]
[Round "8.3"]
[White "Glavina Rossi, Pablo"]
[Black "Guzman Moneo, Alberto"]
[Result "1-0"]
[WhiteElo "2397"]
[BlackElo "2196"]
[PlyCount "0"]
[WhiteTeam "MyInvestor Casablanca"]
[BlackTeam "Helios"]
[EventDate "2022.01.29"]

1. Nf3 d5 2. d4 e6 3. c4 Nf6 4. g3 dxc4 5. Bg2 Nc6 6. O-O Rb8 7. a4 a6 8. Be3
Nd5 9. Qc1 Nxe3 10. fxe3 g6 11. Qxc4 Bh6 12. Ra3 O-O 13. Nbd2 Ne7 14. e4 b5 15.
axb5 axb5 16. Qc5 Qd6 17. Rc1 Qxc5 18. Rxc5 c6 19. e5 Rb6 20. Ne4 Ra6 21. Rxa6
Bxa6 22. Kf2 Ra8 23. Nf6+ Kh8 24. h4 Bb7 25. Ne4 Nf5 26. Rc3 Bf8 27. g4 Nh6 28.
Kg3 Ra2 29. Nd6 Ba8 30. Rc2 f5 31. Ng5 fxg4 32. Nxe6 Bxd6 33. exd6 Nf5+ 34. Kf4
Nxd6 35. d5 Bb7 36. dxc6 Bc8 37. Rd2 Nf7 38. Ng5 Ra4+ 39. e4 Nxg5 40. hxg5 Kg7
41. Rd8 Be6 42. Ke5 Kf7 43. Rb8 Rc4 44. Rb7+ Kg8 45. Kd6 g3 46. e5 Rc2 47. Kxe6
Rxg2 48. c7 Rc2 49. Rb8+ Kg7 50. c8=Q Rxc8 51. Rxc8 g2 52. Rc7+ Kf8 53. Kf6 Ke8
54. e6 Kd8 55. Rc1 1-0

[Event "Campeonato de Aragon por Equipos - Division de Honor"]
[Site ""]
[Date "2022.03.19"]
[Round "8.4"]
[White "Cerrajeria Ruiz, Jesus Maria"]
[Black "Bayo Milagro, Alvaro"]
[Result "0-1"]
[WhiteElo "2065"]
[BlackElo "2280"]
[PlyCount "0"]
[WhiteTeam "Helios"]
[BlackTeam "MyInvestor Casablanca"]
[EventDate "2022.01.29"]


1. Nf3 d5 2. g3 Nd7 3. Bg2 e5 4. c4 c6 5. cxd5 cxd5 6. O-O Bd6 7. Qa4 Ne7 8. d4
e4 9. Ne5 O-O 10. Nxd7 Bxd7 11. Qb3 a5 12. a4 Ra6 13. Bg5 Rb6 14. Qa2 Be6 15.
Nc3 h6 16. Bxe7 Bxe7 17. e3 Bb4 18. Rfc1 Rc6 19. Bf1 Qg5 20. Rc2 h5 21. Rac1 h4
22. Qb3 Rb6 23. Ne2 hxg3 24. hxg3 Qd8 25. Nc3 f5 26. Nb5 Kh8 27. Be2 Bg8 28.
Kg2 Rh6 29. Rc7 f4 30. exf4 Bd2 31. R1c2 Bxf4 32. Rxb7 e3 33. Bf3 exf2 34. gxf4
Rh1 35. Kxf2 Qh4+ 36. Ke3 Qxf4+ 37. Ke2 Re8+ 38. Kf2 Qh4+ 0-1

[Event "Campeonato de Aragon por Equipos - Division de Honor"]
[Site ""]
[Date "2022.03.19"]
[Round "8.5"]
[White "Ruperez Benito, Antonio"]
[Black "Gavin Roche, Enrique"]
[Result "1-0"]
[WhiteElo "2322"]
[BlackElo "2237"]
[PlyCount "0"]
[WhiteTeam "Palacio De Pioneros A"]
[BlackTeam "ONCE C. A. Aragon"]
[EventDate "2022.01.29"]

1. e4 e5 2. Nf3 d6 3. Bc4 Be7 4. O-O Nf6 5. d3 O-O 6. Re1 Bg4 7. Nbd2 c5 8. h3
Bh5 9. Nf1 Nc6 10. Ng3 Bg6 11. a4 a6 12. Nh4 Re8 13. Ngf5 Bf8 14. Nxg6 hxg6 15.
Nh4 Nd4 16. c3 Ne6 17. Nf3 Qd7 18. a5 Rac8 19. Qb3 Rc7 20. Be3 Nf4 21. Qa2 Nh7
22. Bxf4 exf4 23. e5 dxe5 24. Nxe5 Qf5 25. Nxf7 Rxe1+ 26. Rxe1 Rxf7 27. Re8 Qd7
28. Bxf7+ Qxf7 29. Qxf7+ Kxf7 30. Rb8 Ke6 31. Rxb7 Nf6 32. Ra7 Bd6 33. Rxa6 Kd7
34. Ra8 Ne8 35. a6 Nc7 36. Rg8 Nxa6 37. Rxg7+ Ke6 38. Rxg6+ Ke5 39. h4 Nc7 40.
h5 Ne8 41. h6 Nf6 42. d4+ cxd4 43. cxd4+ Kf5 44. h7 1-0

[Event "Campeonato de Aragon por Equipos - Division de Honor"]
[Site ""]
[Date "2022.03.19"]
[Round "8.6"]
[White "Laliena Solanes, Luis"]
[Black "Romero Pallares, Daniel"]
[Result "0-1"]
[WhiteElo "2200"]
[BlackElo "2270"]
[PlyCount "0"]
[WhiteTeam "ONCE C. A. Aragon"]
[BlackTeam "Palacio De Pioneros A"]
[EventDate "2022.01.29"]

1. e4 c5 2. Nc3 d6 3. d4 cxd4 4. Qxd4 Nc6 5. Qd2 g6 6. b3 Bh6 7. f4 e5 8. g3
Nf6 9. Bb2 O-O 10. O-O-O Re8 11. Bg2 Bg4 12. Nge2 exf4 13. gxf4 Bxe2 14. Nxe2
Nxe4 15. Bxe4 Rxe4 16. Qc3 Ne5 17. Qh3 Qf8 18. Qg2 Rb4 19. Rhf1 Re8 20. Kb1 Nc6
21. f5 Ne5 22. Nc3 Nd7 23. fxg6 hxg6 24. Ba3 a5 25. Qh3 Nb6 26. Rfe1 Nc4 27.
Bxb4 axb4 28. Rxe8 Na3+ 29. Kb2 Qxe8 30. Qxh6 Qe5 31. Qh3 Nb5 32. Rd3 bxc3+ 33.
Rxc3 Nxc3 34. Qxc3 Qxh2 35. Qc8+ Kg7 36. Qxb7 Qe5+ 37. c3 g5 38. a4 Qe2+ 39.
Ka3 g4 40. Qc8 g3 41. Qf5 g2 42. Qg5+ Kh7 43. Qf5+ Kg7 44. Qg5+ Kh7 45. Qf5+
Kh6 46. Qf6+ Kh5 47. Qxf7+ Kg4 48. Qg6+ Kf3 49. Qf5+ Kg3 50. Qg6+ Kf2 51. Qf6+
Qf3 52. Qh4+ Qg3 53. Qd4+ Qe3 54. Qh4+ Kf1 55. Qc4+ Ke1 56. Qh4+ Kd2 57. Qh2
Qc5+ 58. Ka2 Qf2 59. Ka3 g1=Q 0-1

[Event "Campeonato de Aragon por Equipos - Division de Honor"]
[Site ""]
[Date "2022.03.19"]
[Round "8.7"]
[White "Lacruz Algarate, Alvaro"]
[Black "Latorre Abad, Fernando"]
[Result "1-0"]
[WhiteElo "2097"]
[BlackElo "2109"]
[PlyCount "0"]
[WhiteTeam "Palacio De Pioneros A"]
[BlackTeam "ONCE C. A. Aragon"]
[EventDate "2022.01.29"]


1. e4 c5 2. Nf3 e6 3. d4 cxd4 4. Nxd4 a6 5. Nc3 Qc7 6. Be2 b5 7. a3 Bb7 8. O-O
Nc6 9. Be3 Nf6 10. Kh1 Na5 11. Qd3 Nc4 12. Ndxb5 axb5 13. Nxb5 Qe5 14. Qxc4 Rc8
15. Qd4 Qxd4 16. Bxd4 Nxe4 17. Bd3 Nc5 18. Bxc5 Rxc5 19. b4 Rg5 20. f3 Be7 21.
c4 O-O 22. Rfd1 Bc6 23. Nd4 Bb7 24. Nc2 f5 25. a4 e5 26. Be2 d6 27. a5 Rc8 28.
b5 d5 29. a6 Ba8 30. b6 1-0

[Event "Campeonato de Aragon por Equipos - Division de Honor"]
[Site ""]
[Date "2022.03.19"]
[Round "8.8"]
[White "Sanz Lopez, Ruben"]
[Black "Garcia Gonzalez, Omar"]
[Result "0-1"]
[WhiteElo "1876"]
[BlackElo "2057"]
[PlyCount "0"]
[WhiteTeam "ONCE C. A. Aragon"]
[BlackTeam "Palacio De Pioneros A"]
[EventDate "2022.01.29"]

1. d4 g6 2. Nc3 Bg7 3. e4 d6 4. Nf3 a6 5. Be3 b5 6. Bd3 Nd7 7. Qd2 Bb7 8. a3 c5
9. O-O cxd4 10. Nxd4 Nc5 11. f3 Nxd3 12. Qxd3 Nf6 13. Rad1 O-O 14. Qd2 Re8 15.
Rfe1 Rc8 16. Qf2 Nd7 17. Nd5 Ne5 18. c3 Nc4 19. Bg5 h6 20. Bc1 e6 21. Nb4 Qb6
22. Rd3 a5 23. Nbc2 d5 24. exd5 Bxd5 25. Ne3 Nxe3 26. Bxe3 Qb7 27. Red1 b4 28.
cxb4 axb4 29. axb4 Qxb4 30. Qd2 Rb8 31. Bxh6 Qxd2 32. Bxd2 Rxb2 33. Be3 Ra8 34.
R3d2 Rb7 35. Ne2 Rb3 36. Rd3 Rxd3 37. Rxd3 Bc4 38. Rd2 Ra1+ 39. Kf2 e5 40. Rc2
Ba6 41. Ng3 f5 42. Ne2 Kh7 43. g3 Bf8 44. Rc7+ Kg8 45. Rc2 Be7 46. Rd2 g5 47.
Rc2 f4 48. Bb6 Rb1 49. Bc7 Bd3 50. Ra2 Bc5+ 51. Kg2 Re1 52. Bxe5 Bxe2 53. gxf4
Rg1+ 0-1

[Event "Campeonato de Aragon por Equipos - Division de Honor"]
[Site ""]
[Date "2022.03.19"]
[Round "8.9"]
[White "Baron Rodriguez, Jesus"]
[Black "Forcen Esteban, Daniel"]
[Result "0-1"]
[WhiteElo "2405"]
[BlackElo "2558"]
[PlyCount "0"]
[WhiteTeam "IberCaja"]
[BlackTeam "Jaime Casas"]
[EventDate "2022.01.29"]

1. e4 c5 2. Nf3 e6 3. d4 cxd4 4. Nxd4 Nc6 5. Nxc6 bxc6 6. Bd3 d5 7. O-O Bd6 8.
Qe2 Qc7 9. f4 dxe4 10. Bxe4 Nf6 11. Nc3 O-O 12. Be3 Nd5 13. Nxd5 exd5 14. Bd3
Re8 15. Qf2 c5 16. c4 d4 17. Bd2 f5 18. Rfe1 Bd7 19. Kf1 a5 20. Rxe8+ Rxe8 21.
Re1 Rxe1+ 22. Kxe1 g6 23. Kd1 a4 24. Kc2 Bc6 25. Qe2 Qf7 26. g3 Kg7 27. b3
axb3+ 28. axb3 Kf6 29. h3 Qb7 30. Bc1 Kf7 31. g4 Bf3 32. Qe1 Be4 33. gxf5 Bxd3+
34. Kxd3 Qxb3+ 35. Ke4 Qb7+ 36. Kd3 gxf5 37. Ke2 Qg2+ 38. Qf2 Qxh3 39. Bd2 Be7
40. Qe1 Qb3 41. Qc1 Qb7 42. Qa3 Qg2+ 43. Kd1 Qf1+ 0-1

[Event "Campeonato de Aragon por Equipos - Division de Honor"]
[Site ""]
[Date "2022.03.19"]
[Round "8.10"]
[White "Ramiro Ovejero, Juan Luis"]
[Black "Lopez Gracia, Fernando"]
[Result "1/2-1/2"]
[WhiteElo "2324"]
[BlackElo "2281"]
[PlyCount "0"]
[WhiteTeam "Jaime Casas"]
[BlackTeam "IberCaja"]
[EventDate "2022.01.29"]

1. d4 Nf6 2. Nf3 g6 3. Bg5 Bg7 4. Nbd2 O-O 5. c3 c5 6. e3 d6 7. Bc4 d5 8. Be2
Qb6 9. Qb3 Nc6 10. O-O Bf5 11. Rfe1 Rfe8 12. Bf1 c4 13. Qxb6 axb6 14. Bxf6 exf6
15. Nh4 Be6 16. e4 b5 17. a3 Bh6 18. Nhf3 f5 19. exd5 Bxd5 20. g3 g5 21. Rad1
g4 22. Rxe8+ Rxe8 23. Nh4 f4 24. Nf5 Bg5 25. Nd6 Re7 26. Nxb5 fxg3 27. hxg3
Bxd2 28. Rxd2 Re1 29. Nd6 Kf8 30. Nf5 b5 31. Ne3 Bf3 32. Kh2 Na5 33. Bg2 Nb3
34. Rc2 Na1 35. Rd2 Nb3 36. Rc2 Na1 37. Bxf3 Nxc2 38. Nxc2 Rb1 39. Bxg4 Rxb2
40. Bf5 h6 41. Kg2 Rb3 42. Kf3 Rxc3+ 43. Ke2 Ke7 44. Be4 Ke6 45. Kd2 Rb3 46. g4
f6 47. f4 Kd6 48. Bh7 Ke6 49. Bg6 Kd6 1/2-1/2

[Event "Campeonato de Aragon por Equipos - Division de Honor"]
[Site ""]
[Date "2022.03.19"]
[Round "8.11"]
[White "Torcal Miguel, Oscar"]
[Black "Fontana Sotomayor, Luis Javier"]
[Result "0-1"]
[WhiteElo "2037"]
[BlackElo "2251"]
[PlyCount "0"]
[WhiteTeam "IberCaja"]
[BlackTeam "Jaime Casas"]
[EventDate "2022.01.29"]

1. e4 c6 2. d4 d5 3. e5 Bf5 4. Nf3 e6 5. Be2 Nd7 6. O-O Ne7 7. Nh4 Bg6 8. Nd2
c5 9. c3 cxd4 10. cxd4 Nc6 11. Nxg6 hxg6 12. Nf3 Be7 13. Be3 O-O 14. Bd3 Nb4
15. Bb1 Nb6 16. g4 a5 17. Kg2 Nc4 18. Bc1 a4 19. h4 a3 20. b3 Nb2 21. Qe2 Rc8
22. Bxb2 axb2 23. Qxb2 Bxh4 24. Qd2 Be7 25. Rh1 Qc7 26. a3 Nc2 27. Ra2 Nxa3 28.
Bd3 Qc3 29. Qe2 Rc7 30. Rh3 Rfc8 31. Qe3 Qc1 32. Nd2 Nc2 33. Bxc2 Rxc2 34. Rxc2
Rxc2 35. Nf1 Qxe3 36. Rxe3 Bg5 37. Rd3 f6 38. Kg3 fxe5 39. dxe5 Bc1 40. Nh2 g5
41. Nf3 Bf4+ 42. Kg2 Kf7 43. Kf1 Ke7 44. Ke1 Kd7 45. Kf1 b5 46. Nd4 Rc1+ 47.
Ke2 b4 48. Nf3 Rc2+ 49. Ke1 Rb2 50. Kf1 Rb1+ 51. Ke2 Rc1 52. Rd4 Rc2+ 53. Nd2
Bxe5 54. Rxb4 Bc3 55. Kd3 Bxb4 56. Kxc2 Bxd2 57. Kxd2 Kc6 58. Kd3 Kc5 59. Kc3
d4+ 60. Kd3 e5 61. f3 Kb4 62. Kc2 Ka3 0-1

[Event "Campeonato de Aragon por Equipos - Division de Honor"]
[Site ""]
[Date "2022.03.19"]
[Round "8.12"]
[White "Newrkla, Katharina"]
[Black "Garcia Acin, Pablo"]
[Result "1/2-1/2"]
[WhiteElo "2230"]
[BlackElo "1757"]
[PlyCount "0"]
[WhiteTeam "Jaime Casas"]
[BlackTeam "IberCaja"]
[EventDate "2022.01.29"]

1. e4 e6 2. d3 d5 3. Qe2 Nf6 4. Nf3 Be7 5. g3 c5 6. Bg2 Nc6 7. O-O O-O 8. e5
Nd7 9. c4 Nb6 10. h4 f6 11. exf6 Bxf6 12. Bg5 Bd7 13. Nbd2 h6 14. Bxf6 Qxf6 15.
Nb3 Na4 16. Rae1 Rac8 17. Nfd2 Qf5 18. cxd5 exd5 19. Qf3 Qxf3 20. Bxf3 Rxf3 21.
Nxf3 Bh3 22. Ne5 Bxf1 23. Kxf1 Nxb2 24. Nxc6 Rxc6 25. Re5 Nxd3 26. Rxd5 c4 27.
Na5 c3 28. Rxd3 c2 29. Nb3 c1=Q+ 30. Nxc1 Rxc1+ 31. Kg2 Rc2 1/2-1/2

[Event "Campeonato de Aragon por Equipos - Division de Honor"]
[Site ""]
[Date "2022.03.19"]
[Round "8.13"]
[White "Hinojar Basa, Alfonso"]
[Black "Cifuentes Parada, Roberto"]
[Result "1/2-1/2"]
[WhiteElo "2125"]
[BlackElo "2427"]
[PlyCount "0"]
[WhiteTeam "Marcos Frechin"]
[BlackTeam "Jaque - Pirenauto"]
[EventDate "2022.01.29"]

1. e4 c5 2. Nf3 Nc6 3. Bb5 e6 4. O-O Nge7 5. d4 cxd4 6. Nxd4 Qb6 7. Nxc6 bxc6
8. Be2 Ng6 9. c4 Be7 10. Nc3 O-O 11. b3 Qc7 12. f4 f5 13. exf5 Rxf5 14. Bd3 Rf7
15. Be3 d5 16. Qd2 Bd7 17. g3 Rd8 18. Rad1 Bc8 19. Qc2 Bf6 20. Na4 d4 21. Bc1
c5 22. Ba3 $6 Be7 23. Be4 Nf8 24. f5 exf5 25. Bxf5 Bb7 26. Be4 Rxf1+ 27. Kxf1
Ne6 28. Bc1 Rf8+ 29. Kg1 Ng5 30. Bxg5 Bxg5 31. Bxb7 Be3+ 32. Kh1 Qxb7+ 33. Qg2
Qxg2+ 34. Kxg2 Rf2+ 35. Kh3 Rxa2 36. Nxc5 Kf7 37. Kg4 a5 38. Kf3 Ke7 39. h4 Kd6
40. Nd3 Ra3 41. Ke4 Rxb3 42. Ra1 Bd2 43. c5+ Kc6 44. Rf1 Bc3 45. Rf7 Rb8 46.
Ne5+ Kb5 47. c6 Re8 48. Kd5 Bb4 49. Rb7+ Ka6 50. Nd3 Rd8+ 51. Kc4 Rd6 52. Nxb4+
axb4 53. Rxb4 Rxc6+ 54. Kxd4 Rg6 55. Rb3 Rg4+ 56. Ke5 Ka5 1/2-1/2

[Event "Campeonato de Aragon por Equipos - Division de Honor"]
[Site ""]
[Date "2022.03.19"]
[Round "8.14"]
[White "Escartin Lacasa, Jose"]
[Black "Portero Garnica, Miguel Angel"]
[Result "1-0"]
[WhiteElo "2315"]
[BlackElo "2088"]
[PlyCount "0"]
[WhiteTeam "Jaque - Pirenauto"]
[BlackTeam "Marcos Frechin"]
[EventDate "2022.01.29"]

1. d4 d6 2. Nf3 Bg4 3. e4 c6 4. Bc4 Nf6 5. e5 Bxf3 6. Qxf3 dxe5 7. dxe5 Qa5+ 8.
Qc3 Qxc3+ 9. Nxc3 Nfd7 10. e6 fxe6 11. Bxe6 Nc5 12. Bg4 e5 13. Be3 Nba6 14.
O-O-O Be7 15. a3 Kf7 16. b4 Ne6 17. Rd7 Nac7 18. Ne4 b6 19. Rhd1 g6 20. Ng5+
Kf6 21. Bxe6 Nxe6 22. R1d6 1-0

[Event "Campeonato de Aragon por Equipos - Division de Honor"]
[Site ""]
[Date "2022.03.19"]
[Round "8.15"]
[White "Miranda Herrera, Jorge Manuel"]
[Black "Ereza Vizcarra, Fernando"]
[Result "0-1"]
[WhiteElo "2051"]
[BlackElo "2117"]
[PlyCount "0"]
[WhiteTeam "Marcos Frechin"]
[BlackTeam "Jaque - Pirenauto"]
[EventDate "2022.01.29"]

1. e4 c5 2. c3 g6 3. d4 cxd4 4. cxd4 d5 5. e5 Bg7 6. Nc3 Nh6 7. Bb5+ Bd7 8. Qb3
O-O 9. Nf3 Bc6 10. O-O Nf5 11. g4 Nh6 12. Bxh6 Bxh6 13. Bxc6 bxc6 14. g5 Qc8
15. Ne2 Bg7 16. Kg2 Nd7 17. Ne1 Rb8 18. Qa3 Nb6 19. Qh3 Qxh3+ 20. Kxh3 f6 21.
f4 fxe5 22. dxe5 Bxe5 23. Nd3 Bg7 24. Rac1 Rfc8 25. b3 Nd7 26. Rc2 e5 27. Nxe5
Nxe5 28. fxe5 Bxe5 29. Nc1 c5 30. Rd1 d4 31. Nd3 Bd6 32. Rdc1 Re8 33. Nxc5 Re3+
34. Kg2 Rbe8 35. Rf2 R8e5 36. b4 Rxg5+ 37. Kf1 a5 38. Nb3 Bxb4 39. Nxd4 Rc5 40.
Rb1 Rec3 41. Rb3 Rxb3 42. axb3 Rc3 43. Kg2 Bc5 44. Rf4 Bxd4 45. Rxd4 Rxb3 46.
Rd8+ Kg7 47. Rd7+ Kh6 48. h4 a4 49. Ra7 a3 50. Kh2 Kh5 51. Ra4 Rb2+ 52. Kg3
Rb3+ 53. Kg2 h6 54. Kh2 Rb2+ 55. Kg3 Rb3+ 56. Kg2 g5 57. hxg5 hxg5 58. Kh2 g4
0-1

[Event "Campeonato de Aragon por Equipos - Division de Honor"]
[Site ""]
[Date "2022.03.19"]
[Round "8.16"]
[White "Gonzalez Gambau, Jorge"]
[Black "Moya Gimeno, Raul"]
[Result "1-0"]
[WhiteElo "2068"]
[BlackElo "1877"]
[PlyCount "0"]
[WhiteTeam "Jaque - Pirenauto"]
[BlackTeam "Marcos Frechin"]
[EventDate "2022.01.29"]


1. e4 c5 2. Nf3 Nc6 3. Nc3 e5 4. g3 Nf6 5. Bg2 Be7 6. d3 d6 7. h3 h6 8. O-O Be6
9. Be3 Qd7 10. Kh2 Nh7 11. Ng1 O-O 12. f4 f5 13. Nd5 Bxd5 14. exd5 Nb8 15. Qh5
Na6 16. a3 Nc7 17. c4 Bf6 18. fxe5 Bxe5 19. Nf3 Bf6 20. d4 b6 21. Rae1 Rae8 22.
b4 f4 23. Bxf4 cxd4 24. Qg6 Kh8 25. Qd3 g5 26. Bd2 Qg7 27. Bc1 Rxe1 28. Rxe1 g4
29. hxg4 Qxg4 30. Re4 Qh5+ 31. Kg1 Re8 32. Bb2 Ng5 33. Nxg5 Bxg5 34. Qxd4+ 1-0

[Event "Campeonato de Aragon por Equipos - Division de Honor"]
[Site ""]
[Date "2022.03.19"]
[Round "8.17"]
[White "Del Rey, Diego"]
[Black "Salamero Pelay, Fernando"]
[Result "1-0"]
[WhiteElo "2370"]
[BlackElo "2076"]
[PlyCount "0"]
[WhiteTeam "El Olivar"]
[BlackTeam "Atletismo Huesca"]
[EventDate "2022.01.29"]

1. d4 f5 2. e4 fxe4 3. Nc3 Nf6 4. Bg5 Nc6 5. d5 Ne5 6. Qe2 Nf7 7. Bxf6 exf6 8.
Nxe4 Bb4+ 9. c3 Be7 10. d6 cxd6 11. O-O-O O-O 12. Ng3 Re8 13. Qc2 Qa5 14. Bc4
b5 15. Bd5 Rb8 16. Qb3 Rf8 17. Nf5 1-0